000 00367cam a22001337a 4500
008 180718b1960 xxu||||| |||| 00| 0 eng d
082 _aL9 C361
100 _aChanda, Asok
245 _aAspects of audit control
_cby Asok Chanda
260 _aBombay
_bAsia
_c1960
300 _a80p.
500 _aThree lectures under auspices of I.I.P.A.; Rs.7.50
650 _aAuditing
999 _c362103
_d362103